000 00302nam a22001337a 4500
008 170718b xxu||||| |||| 00| 0 eng d
020 _a394493680
041 _aeng
080 _a2
100 _a24
101 _aTEO
245 _aTHE PERSONAL TESTIMONY OF A SOVIET JEW
_cSVIRSKY, G
942 _2udc
_cBK
999 _c21417
_d21417